Hamilton Characters 1st Part - Statistics

General Stats
  • This quiz has been taken 2,527 times
  • The average score is 11 of 12
Answer Stats
Hint Answer % Correct
Wait for it Aaron Burr
99%
I'm looking for a mind at work Angelica Schuyler
99%
Helpless Eliza Schuyler
99%
I'm gonna need a right hand man George Washington
99%
Daddy said not to go downtown Peggy Schuyler
99%
What's your name, man? Alexander Hamilton
97%
Yo, I'm a tailor's apprentice Hercules Mulligan
96%
Who's the best? Cest moi Lafayette
96%
Raise a glass to freedom John Laurens
95%
I will send a fully armed battalion King George
93%
Hear ye, hear ye Samuel Seabury
84%
Washington cannot be left alone to his devices General Charles Lee
67%
No matching quizzes found
Score Distribution
Percent of People with Each Score
Percentile by Number Answered
Your Score History
You have not taken this quiz